Position of the United States in Current World Policy

Na minha lista:
Detalhes bibliográficos
Autor principal: Kucharčík, Rudolf, 1977-
Formato: Capítulo de Livro
Idioma:inglês
Assuntos:
Tags: Adicionar Tag
Sem tags, seja o primeiro a adicionar uma tag!

MARC

LEADER 00000naa$a2200000$$$4500
001 0183603
005 20240502083431.1
041 0 |a eng 
044 |a PL 
245 1 0 |a Position of the United States in Current World Policy  |c Rudolf Kucharčík 
610 2 0 |a politika medzinárodná 
610 2 0 |a bezpečnosť medzinárodná 
610 2 0 |a vzťahy politické medzinárodné 
610 2 0 |a USA 
100 1 |a Kucharčík, Rudolf, 1977-